| 000 | 00866nam a22002417a 4500 | ||
|---|---|---|---|
| 005 | 20250422113628.0 | ||
| 008 | 250421b |||||||| |||| 00| 0 eng d | ||
| 020 | _a978-93-54358-83-8 (pbk) | ||
| 037 | _cTB | ||
| 040 |
_aCRL _cCRL |
||
| 041 |
_2eng _aeng |
||
| 084 |
_aX:326 R4 _qCRL |
||
| 245 |
_aBeyond capitalism: _bBuilding democratic alternatives for today and the future |
||
| 260 |
_aNew Delhi, India: _bBloomsbury Academic, _c2024. |
||
| 300 | _axxvi, 276p. | ||
| 365 |
_b799.00 _cINR |
||
| 650 |
_aCapitalism _9752657 |
||
| 650 |
_aEconomics _9752658 |
||
| 700 |
_aShantz, Jeff (Editor) _9752659 |
||
| 700 |
_aMacdonald, Jose Brendan (Editor) _9752660 |
||
| 942 |
_2CC _cTB _hX:326 R4 _n0 |
||
| 999 |
_c1309266 _d1309266 |
||